[Event "FRA-chT2C 0506"]
[Site "France"]
[Date "2006.03.12"]
[Round "9.8"]
[White "Roos, Louise"]
[Black "Wegner, Eric"]
[Result "1-0"]
[WhiteElo "1949"]
[BlackElo "2098"]
[PlyCount "81"]
[EventDate "2005.10.27"]
[EventType "team"]
[EventRounds "11"]
[EventCountry "FRA"]
[SourceTitle "EXT 2006"]
[Source "ChessBase"]
[SourceDate "2005.11.24"]
[SourceVersion "1"]
[SourceVersionDate "2005.11.24"]
[SourceQuality "1"]

1. e4 c5 2. Nf3 d6 3. d4 cxd4 4. Nxd4 Nf6 5. Nc3 a6 6. Be2 e5 7. Nf3 Be7 8. 0-0 h6 9. Be3 Be6 10. Qd2 Ng4 11. Nd5 Nxe3 12. fxe3 0-0 13. Rad1 Bxd5 14. Qxd5 Nc6 15. a3 Qb6 16. Qb3 Qxb3 17. cxb3 Rac8 18. Bc4 Na5 19. Bd5 Rc2 20. Rf2 Rxf2 21. Kxf2 Rc8 22. Ke2 Rc2+ 23. Rd2 Rxd2+ 24. Nxd2 Kf8 25. b4 Nc6 26. Nc4 Ke8 27. Na5 Nxa5 28. bxa5 Bd8 29. Bxb7 Bxa5 30. Bxa6 Kd7 31. Bc4 f6 32. Bd5 Bb6 33. b4 Bd8 34. Kd3 Bb6 35. a4 Ba7 36. a5 Kc8 37. b5 Bc5 38. b6 Kb8 39. g4 Kc8 40. h3 g6 41. Kc4 1-0

[Event "FRA-chT2C 0506"]
[Site "France"]
[Date "2005.11.19"]
[Round "2.9"]
[White "Roos, Louise"]
[Black "Tissot, Alice"]
[Result "1/2-1/2"]
[WhiteElo "1956"]
[BlackElo "1857"]
[PlyCount "87"]
[EventDate "2005.10.27"]
[EventType "team"]
[EventRounds "11"]
[EventCountry "FRA"]
[SourceTitle "EXT 2006"]
[Source "ChessBase"]
[SourceDate "2005.11.24"]
[SourceVersion "1"]
[SourceVersionDate "2005.11.24"]
[SourceQuality "1"]

1. e4 c5 2. Nf3 Nc6 3. d4 cxd4 4. Nxd4 Nf6 5. Nc3 e5 6. Ndb5 d6 7. a4 a6 8. Na3 Bg4 9. f3 Be6 10. Be3 d5 11. exd5 Nxd5 12. Nxd5 Bxd5 13. Nc4 Bxc4 14. Qxd8+ Rxd8 15. Bxc4 Nd4 16. 0-0-0 Bc5 17. Rhe1 Be7 18. Bxd4 exd4 19. Re4 f5 20. Re5 g6 21. Bd5 Rd7 22. Rxd4 Kd8 23. Rd3 Kc7 24. Kb1 Rhd8 25. Bc4 Bd6 26. Red5 Bxh2 27. Rxd7+ Rxd7 28. Bg8 Re7 29. Kc1 Bf4+ 30. Kd1 h6 31. b4 Bg3 32. c3 Re1+ 33. Kc2 Bf4 34. g4 fxg4 35. fxg4 b6 36. Bh7 h5 37. gxh5 gxh5 38. Bf5 h4 39. Rd7+ Kc6 40. Ra7 Bb8 41. Rh7 Bg3 42. Bg4 Re3 43. Rh6+ Kc7 44. a5 1/2-1/2

[Event "BL 0405 (Women)"]
[Site "Germany"]
[Date "2005.04.23"]
[Round "10.2"]
[White "Roos, Louise"]
[Black "Paehtz, Elisabeth"]
[Result "0-1"]
[WhiteElo "1978"]
[BlackElo "2396"]
[PlyCount "64"]
[EventDate "2004.11.06"]
[EventType "team-tourn"]
[EventRounds "11"]
[EventCountry "GER"]
[SourceTitle "EXT 2006"]
[Source "ChessBase"]
[SourceDate "2005.11.24"]
[SourceVersion "1"]
[SourceVersionDate "2005.11.24"]
[SourceQuality "1"]
[WhiteTeam "Mannheim (W)"]
[BlackTeam "Baden Oos (W)"]
[WhiteTeamCountry "GER"]
[BlackTeamCountry "GER"]

1. e4 c5 2. Nf3 e6 3. c4 a6 4. d4 cxd4 5. Nxd4 Nf6 6. Nc3 Qc7 7. Bd3 d6 8. 0-0 g6 9. f4 Bg7 10. Qe2 0-0 11. Kh1 Nbd7 12. Bd2 b6 13. Rac1 Bb7 14. Nf3 Rac8 15. b3 Rfe8 16. Qf2 Nc5 17. Qe2 Qb8 18. Bb1 Rcd8 19. b4 Ncd7 20. Be3 Rc8 21. Bd4 Red8 22. Rfd1 Qc7 23. Bd3 Re8 24. a3 Bh6 25. Be3 Qb8 26. h3 Nh5 27. Qd2 f5 28. Ng5 Qa8 29. Bb1 Bxg5 30. fxg5 Ne5 31. Qxd6 Nxc4 32. Qd3 Red8 0-1

[Event "BL 0405 (Women)"]
[Site "Germany"]
[Date "2005.02.20"]
[Round "7.1"]
[White "Burchardt, Brigitte"]
[Black "Roos, Louise"]
[Result "1-0"]
[WhiteElo "2267"]
[BlackElo "1978"]
[PlyCount "33"]
[EventDate "2004.11.06"]
[EventType "team-tourn"]
[EventRounds "11"]
[EventCountry "GER"]
[SourceTitle "EXT 2006"]
[Source "ChessBase"]
[SourceDate "2005.11.24"]
[SourceVersion "1"]
[SourceVersionDate "2005.11.24"]
[SourceQuality "1"]
[WhiteTeam "Pankow (W)"]
[BlackTeam "Mannheim (W)"]
[WhiteTeamCountry "GER"]
[BlackTeamCountry "GER"]

1. e4 c5 2. Nc3 e6 3. Nf3 Nc6 4. g3 d5 5. d3 dxe4 6. Nxe4 Nf6 7. Nxf6+ Qxf6 8. Bg2 Bd6 9. Ng5 Qd8 10. Qh5 g6 11. Bxc6+ bxc6 12. Qf3 Qc7 13. Nxf7 0-0 14. Nh6+ Kg7 15. Qe2 Rb8 16. Ng4 e5 17. Bh6+ 1-0

[Event "BL 0405 (Women)"]
[Site "Germany"]
[Date "2005.02.19"]
[Round "6.1"]
[White "Roos, Louise"]
[Black "Flear, Christine"]
[Result "0-1"]
[WhiteElo "1978"]
[BlackElo "2402"]
[PlyCount "68"]
[EventDate "2004.11.06"]
[EventType "team-tourn"]
[EventRounds "11"]
[EventCountry "GER"]
[SourceTitle "EXT 2006"]
[Source "ChessBase"]
[SourceDate "2005.11.24"]
[SourceVersion "1"]
[SourceVersionDate "2005.11.24"]
[SourceQuality "1"]
[WhiteTeam "Mannheim (W)"]
[BlackTeam "Hamburg (W)"]
[WhiteTeamCountry "GER"]
[BlackTeamCountry "GER"]

1. e4 c5 2. Nf3 e6 3. d4 cxd4 4. Nxd4 Nf6 5. Nc3 d6 6. Be2 Be7 7. 0-0 a6 8. a4 Nc6 9. Be3 Bd7 10. Nb3 Na5 11. Nxa5 Qxa5 12. Qd2 Rc8 13. f3 Qc7 14. Rfd1 0-0 15. a5 Bc6 16. Bb6 Qb8 17. Qe1 d5 18. Bd3 Bd6 19. Qh4 dxe4 20. fxe4 Be5 21. Rf1 Qd6 22. Kh1 Qb4 23. Qg5 Nd7 24. Rab1 f6 25. Qe3 Nxb6 26. axb6 Bxc3 27. bxc3 Qxc3 28. Qh3 Qe5 29. Qg4 Ba4 30. Rfc1 Rfd8 31. Qe2 Rc3 32. Bxa6 bxa6 33. Qxa6 Bxc2 34. Rb5 Bxe4 0-1

[Event "FRA-chT1"]
[Site "France"]
[Date "2002.03.29"]
[Round "4.9"]
[White "Leconte, Maria"]
[Black "Roos, Louise"]
[Result "1-0"]
[WhiteElo "2308"]
[BlackElo "1720"]
[PlyCount "83"]
[EventDate "2002.02.??"]
[EventType "team"]
[EventRounds "11"]
[EventCountry "FRA"]
[SourceTitle "EXT 2003"]
[Source "ChessBase"]
[SourceDate "2002.11.25"]
[SourceVersion "1"]
[SourceVersionDate "2002.11.25"]
[SourceQuality "1"]
[WhiteTeam "Cannes"]
[BlackTeam "Strasbourg"]
[WhiteTeamCountry "FRA"]
[BlackTeamCountry "FRA"]

1. e4 c5 2. Nf3 d6 3. d4 cxd4 4. Nxd4 Nf6 5. Nc3 Nc6 6. Nb3 e6 7. g3 Be7 8. Bg2 0-0 9. 0-0 a6 10. a4 Qc7 11. a5 b6 12. axb6 Qxb6 13. Be3 Qc7 14. f4 Nd7 15. Na4 Rb8 16. Rf2 Rd8 17. Qf1 Nb4 18. Nd4 Nc5 19. Nxc5 dxc5 20. Nf3 a5 21. Ra3 c4 22. Rc3 Ba6 23. Qa1 Nc6 24. f5 Bb4 25. fxe6 Bxc3 26. exf7+ Qxf7 27. bxc3 Qb7 28. Bf1 Kh8 29. Ng5 Rf8 30. Bf4 Rbe8 31. Qa3 Rf6 32. e5 Rff8 33. e6 h6 34. Nf7+ Kg8 35. Bd6 Ne7 36. Qxa5 Nc6 37. Qh5 Ne7 38. Qg4 Kh7 39. Be5 Ng6 40. Bd6 Rg8 41. Ng5+ Kh8 42. Qf5 1-0

[Event "FRA-ch U18 Girls"]
[Site "Hyeres"]
[Date "2002.??.??"]
[Round "3.6"]
[White "Levacic, Melissa"]
[Black "Roos, Louise"]
[Result "1-0"]
[WhiteElo "1950"]
[BlackElo "1720"]
[PlyCount "52"]
[EventDate "2002.04.05"]
[EventType "swiss"]
[EventRounds "9"]
[EventCountry "FRA"]
[SourceTitle "EXT 2003"]
[Source "ChessBase"]
[SourceDate "2002.11.25"]
[SourceVersion "1"]
[SourceVersionDate "2002.11.25"]
[SourceQuality "1"]

1. e4 c5 2. Nf3 d6 3. Bc4 e6 4. d3 Nf6 5. Bb3 Be7 6. c3 Nc6 7. 0-0 0-0 8. Re1 b6 9. Nbd2 Bb7 10. d4 cxd4 11. cxd4 Rc8 12. Nf1 Qc7 13. Bd2 Rfd8 14. Ng3 a6 15. Rc1 Qd7 16. Bc2 d5 17. e5 Ne8 18. Ng5 g6 19. Qg4 Ng7 20. Qh4 h5 21. Qf4 Rf8 22. Nf3 a5 23. Qh6 Nb4 24. Bb1 Ba6 25. Ng5 Bxg5 26. Bxg5 f6 1-0

[Event "FRA-ch U18 Girls"]
[Site "Hyeres"]
[Date "2002.??.??"]
[Round "2.5"]
[White "Roos, Louise"]
[Black "Esposito, Marie Christine"]
[Result "1/2-1/2"]
[WhiteElo "1720"]
[BlackElo "1980"]
[PlyCount "62"]
[EventDate "2002.04.05"]
[EventType "swiss"]
[EventRounds "9"]
[EventCountry "FRA"]
[SourceTitle "EXT 2003"]
[Source "ChessBase"]
[SourceDate "2002.11.25"]
[SourceVersion "1"]
[SourceVersionDate "2002.11.25"]
[SourceQuality "1"]

1. e4 d6 2. d4 Nf6 3. Nc3 c6 4. a4 Nbd7 5. Nf3 e5 6. dxe5 dxe5 7. Bc4 Be7 8. 0-0 0-0 9. Qe2 Qc7 10. Bg5 b6 11. Ne1 Bb7 12. Nd3 Rae8 13. f3 a6 14. Be3 b5 15. axb5 cxb5 16. Bb3 Nc5 17. Nxc5 Bxc5 18. Rfd1 Rd8 19. Kh1 Qb6 20. Bxc5 Qxc5 21. Nd5 Nxd5 22. exd5 Rfe8 23. Rd3 Rd6 24. Rad1 a5 25. Re3 a4 26. Ba2 Rdd8 27. Rxe5 Rxe5 28. Qxe5 Qxc2 29. Re1 Qc5 30. d6 Qxe5 31. Rxe5 Kf8 1/2-1/2